University Home | Library Home | Institutional Repository

Cause, principle, and unity : (Record no. 142512)

MARC details
000 -LEADER
fixed length control field 00719cam4a220021700 4500
001 - CONTROL NUMBER
control field qce00444566
005 - DATE AND TIME OF LATEST TRANSACTION
control field 20190823090458.0
008 - FIXED-LENGTH DATA ELEMENTS--GENERAL INFORMATION
fixed length control field 720802r19641962nyu 000 0 eng d
010 ## - LIBRARY OF CONGRESS CONTROL NUMBER
LC control number 64013288
035 ## - SYSTEM CONTROL NUMBER
System control number (Sirsi) r98833
035 ## - SYSTEM CONTROL NUMBER
System control number (QCAT)lss00264015
035 ## - SYSTEM CONTROL NUMBER
System control number (UPRA)qce00444566
040 ## - CATALOGING SOURCE
Modifying agency UPRA
100 1# - MAIN ENTRY--PERSONAL NAME
Personal name Bruno, Giordano, 1548-1600.
Dates associated with a name Bruno, Giordano, 1548-1600.
Linkage A57478.1
245 10 - TITLE STATEMENT
Title Cause, principle, and unity :
Remainder of title five dialogues /
Statement of responsibility, etc. trans., with an introd., by Jack Lindsay.
250 ## - EDITION STATEMENT
Edition statement [1st U.S. ed.].
260 ## - PUBLICATION, DISTRIBUTION, ETC.
Place of publication, distribution, etc. New York :
Name of publisher, distributor, etc. International Publishers,
Date of publication, distribution, etc. [1964, c1962]
650 #0 - SUBJECT ADDED ENTRY--TOPICAL TERM
Topical term or geographic name entry element Metaphysics.
Linkage S3140.1
949 ## - LOCAL PROCESSING INFORMATION (OCLC)
a B783.D43
w lcc
i -140861
m MAIN
t BOOK
l ON-SHELF

No items available.

© 2026 - The University of Zambia Library - Koha v25.11